Quy hoạch lịch /

Αποθηκεύτηκε σε:
Λεπτομέρειες βιβλιογραφικής εγγραφής
Κύριος συγγραφέας: Nguyễn Thúc Loan
Άλλοι συγγραφείς: Nguyễn Chân
Μορφή: Sách giấy
Γλώσσα:Vietnamese
Έκδοση: Hà Nội : Khoa học và Kỹ thuật , 1984
Ετικέτες: Προσθήκη ετικέτας
Δεν υπάρχουν, Καταχωρήστε ετικέτα πρώτοι!
Thư viện lưu trữ: Thư viện Trường Đại học Đà Lạt
LEADER 00624nam a2200253 4500
001 DLU020001289
005 ##1/30/1999
041 # # |a vie 
082 # # |a 519.024 6  |b NG-L 
090 # # |a 519.024 6  |b NG-L 
100 # # |a Nguyễn Thúc Loan 
245 # # |a Quy hoạch lịch /  |c Nguyễn Thúc Loan, Nguyễn Chân 
260 # # |a Hà Nội :  |b Khoa học và Kỹ thuật ,  |c 1984 
300 # # |a 185 tr.;   |c 19 cm. 
700 # # |a Nguyễn Chân 
992 # # |a 273 
994 # # |a DLU 
900 # # |a False 
911 # # |a Administrator 
925 # # |a G 
926 # # |a A 
927 # # |a SH 
980 # # |a Thư viện Trường Đại học Đà Lạt